| 000 | 01008pam a2200313 a 4500 | ||
|---|---|---|---|
| 001 | 1983 | ||
| 003 | FISKH | ||
| 005 | 20231024110133.0 | ||
| 008 | 900530s1991 nyua j 000 1 eng | ||
| 010 | _a 90040410 | ||
| 020 | _a0590463810 | ||
| 040 |
_aDLC _cDLC _dDLC _beng |
||
| 042 | _alcac | ||
| 050 | 0 | 0 |
_aPZ7.R4726 _bTar 1991 |
| 082 | 0 | 0 |
_a813 _220 |
| 100 | 1 | _aRinggold, Faith. | |
| 245 | 1 | 0 |
_aTar Beach / _cFaith Ringgold. |
| 260 |
_aNew York : _bScholastic, _c1991. |
||
| 300 |
_a32 unnumbered pages : _bcolor illustrations ; _c30 cm |
||
| 505 | _aQ | ||
| 520 | _aA young girl dreams of flying above her Harlem home, claiming all she sees for herself and her family. Based on the author's quilt painting of the same name. | ||
| 521 | 8 |
_a660
_bLexile AD |
|
| 521 | 8 |
_aQ
_bRaz-Plus |
|
| 650 | 1 |
_aAfrican Americans _vFiction. |
|
| 650 | 1 |
_aFlight _vFiction. |
|
| 651 | 1 |
_aHarlem (New York, N.Y.) _vFiction. |
|
| 906 |
_a7 _bcbc _corignew _d1 _eocip _f19 _gy-gencatlg |
||
| 942 |
_2ddc _cBK _n0 |
||
| 999 |
_c1983 _d1983 |
||